| 000 | 01515nam a22002057a 4500 | ||
|---|---|---|---|
| 999 |
_c59693 _d59693 |
||
| 003 | Ge_BSU | ||
| 005 | 20230403152928.0 | ||
| 008 | 230403s1985 ge ||||| |||| 00| 0 geo d | ||
| 041 | _ageo | ||
| 080 | _a930(479.22) ხ-22 | ||
| 100 |
_aხანთაძე, შოთა _917438 |
||
| 245 |
_aქართული ისტორიოგრაფია XVIII საუკუნეში : _b(მთავარი წარმომადგენლები) / _cშოთა ხანთაძე ; საქართველოს სსრ მეცნიერებათა აკადემია, ივ. ჯავახიშვილის სახელობის ისტორიის, არქეოლოგიისა და ეთნოგრაფიის ინსტიტუტი. |
||
| 264 |
_aთბილისი : _bმეცნიერება, _c1985. |
||
| 300 |
_a160 გვ. ; _b21,5 სმ. |
||
| 504 | _aბიბლიოგრაფია: გვ. 154-157. | ||
| 520 | _aრეზიუმე რუსულ ენაზე. | ||
| 653 | _aქართული ისტორიოგრაფია | ||
| 710 |
_aსაქართველოს სსრ მეცნიერებათა აკადემია. ივ. ჯავახიშვილის სახელობის ისტორიის, არქეოლოგიისა და ეთნოგრაფიის ინსტიტუტი. _917439 |
||
| 942 |
_2udc _cBK |
||